| 000 | 00997cam a22003137a 4500 | ||
|---|---|---|---|
| 001 | 14100116 | ||
| 003 | OSt | ||
| 005 | 20140310184520.0 | ||
| 008 | 050908t20052004nyub b 000 f eng d | ||
| 010 | _a 2005281336 | ||
| 020 | _a0439633761 | ||
| 035 | _a(OCoLC)ocm57673729 | ||
| 040 |
_aIF9 _cIF9 _dOCLCQ _dXY4 _dOCL _dVP@ _dBAKER _dLEO _dDLC |
||
| 042 | _alccopycat | ||
| 050 | 0 | 0 |
_aGR 830.D7 _b.R63 2005 |
| 100 | 1 |
_aRodda, Emily. _920594 |
|
| 245 | 1 | 4 |
_aThe sister of the South / _cEmily Rodda. |
| 250 | _a1st American ed. | ||
| 260 |
_aNew York : _bScholastic, _c2005. |
||
| 300 |
_a205 p. : _bmaps ; _c19 cm. |
||
| 490 | 0 |
_aDragons of Deltora ; _v4 |
|
| 521 | _aG6 | ||
| 526 | _c800 | ||
| 650 | 0 |
_aDragons _vJuvenile fiction. _923794 |
|
| 906 |
_a7 _bcbc _ccopycat _d3 _encip _f20 _gy-gencatlg |
||
| 942 |
_2lcc _cBK-SCHOLAS |
||
| 999 |
_c35025 _d35025 |
||